| 000 | 00913nam a2200265 a 4500 | ||
|---|---|---|---|
| 001 | vtls001187155 | ||
| 003 | NLI | ||
| 005 | 20210603154553.0 | ||
| 008 | 120327s1886 ii f000 0 eng | ||
| 039 | 9 |
_y201203272300 _zVLOAD |
|
| 040 |
_aNIL _beng _cEntertech IOD - 2012 _eAACR2 |
||
| 041 | 0 | _aeng | |
| 044 | _aii | ||
| 082 | _a378.996(5415) | ||
| 110 | 2 |
_aBengal (India, British). _bPublic Works Department _9632155 |
|
| 245 | 1 | 0 |
_aTechnical education in Bengal : _bselected papers from the records of the Bengal secretariat, P. W. D. Dept. / _cP. W. D. Department, Bengal (India, British) |
| 260 |
_aCalcutta : _bBengal Secretariat Press, _c1886 |
||
| 300 |
_a89 p. ; _c33 cm. |
||
| 887 | _a | ||
| 901 |
_aIMP115004 _b15.12.2010 |
||
| 902 | _aG. P. 378.996(5415) B 436 pwd | ||
| 942 |
_2ddc _cBKS |
||
| 949 |
_AVIRTUAITEM _D10003 _X202 _6IODIMP115004ENG _eIODIMP115004 |
||
| 990 | _eS. Sahana (B-2746/6) | ||
| 999 |
_c479129 _d479129 |
||